[Event "RUS-ch U20 Girls"]
[Site "Loo"]
[Date "2021.04.22"]
[Round "2"]
[White "Gelman, Inna"]
[Black "Shvedova, Alexandra"]
[Result "0-1"]
[WhiteElo "1801"]
[BlackElo "2000"]
[PlyCount "74"]
[EventDate "2021.04.21"]
[EventType "swiss"]
[EventRounds "9"]
[EventCountry "RUS"]
[SourceTitle "CBM 202 Extra"]
[Source "ChessBase"]
[SourceDate "2021.07.31"]
[SourceVersion "1"]
[SourceVersionDate "2021.07.31"]
[SourceQuality "1"]

1. g4 d5 2. Bg2 c6 3. g5 e5 4. d3 Bd6 5. e4 d4 6. c3 dxc3 7. bxc3 Be6 8. Ne2 h6 9. h4 Na6 10. f4 exf4 11. Nxf4 Qc7 12. Qf3 hxg5 13. Nxe6 fxe6 14. Bxg5 Ne7 15. Rf1 0-0-0 16. Qg4 Kb8 17. Nd2 Qa5 18. Ke2 Qxc3 19. Rfc1 Qd4 20. Be3 Qa4 21. Nc4 Bc5 22. Qxe6 Bxe3 23. Kxe3 Rhe8 24. Qe5+ Ka8 25. Qa5 Qxa5 26. Nxa5 Nf5+ 27. Ke2 Nxh4 28. Bf1 Nb4 29. Rc3 Ng6 30. a3 Nd5 31. Rb3 Nb6 32. Rc1 Ne5 33. Bg2 g5 34. Rf1 Ng6 35. Ke3 Nf4 36. Rg1 Rd5 37. Nc4 Rxd3+ 0-1

[Event "Nebug op"]
[Site "Nebug"]
[Date "2016.03.28"]
[Round "8.4"]
[White "Gelman, Inna"]
[Black "Belkina, Kristina"]
[Result "0-1"]
[WhiteElo "1608"]
[BlackElo "1598"]
[PlyCount "70"]
[EventDate "2016.03.22"]
[EventType "tourn"]
[EventRounds "9"]
[EventCountry "RUS"]
[SourceTitle "EXT 2022"]
[Source "ChessBase"]
[SourceDate "2021.10.06"]
[SourceVersion "1"]
[SourceVersionDate "2021.10.06"]
[SourceQuality "1"]

1. d4 Nf6 2. c4 c5 3. d5 b5 4. cxb5 a6 5. bxa6 g6 6. Nc3 Bxa6 7. Nf3 Bg7 8. e4 Bxf1 9. Kxf1 d6 10. g3 Nbd7 11. h3 0-0 12. Kg2 Nb6 13. a4 Nfd7 14. Qc2 Nc4 15. Ra2 Qa5 16. Nb5 Nce5 17. Nxe5 Nxe5 18. Bd2 Qb6 19. b3 Rfc8 20. f4 Nd7 21. Bc3 Bxc3 22. Qxc3 Qa5 23. Qxa5 Rxa5 24. Rc1 Rb8 25. Rac2 Rb7 26. Rb1 Kg7 27. Na3 Rb4 28. Rc4 Rb7 29. Rcc1 Ra8 30. Rc2 Rab8 31. Rcb2 Rb4 32. Kf3 Nb6 33. Nb5 Rb7 34. Nc3 Nc4 35. Rc2 Na3 0-1

[Event "Nebug op"]
[Site "Nebug"]
[Date "2016.03.24"]
[Round "4.5"]
[White "Beshukova, Alina"]
[Black "Gelman, Inna"]
[Result "1-0"]
[WhiteElo "1733"]
[BlackElo "1608"]
[PlyCount "103"]
[EventDate "2016.03.22"]
[EventType "tourn"]
[EventRounds "9"]
[EventCountry "RUS"]
[SourceTitle "EXT 2022"]
[Source "ChessBase"]
[SourceDate "2021.10.06"]
[SourceVersion "1"]
[SourceVersionDate "2021.10.06"]
[SourceQuality "1"]

1. d4 d5 2. Nf3 Nf6 3. c4 c6 4. Nc3 dxc4 5. a4 Bf5 6. Nh4 Bg6 7. Nxg6 hxg6 8. e4 e6 9. Bxc4 Nbd7 10. 0-0 Be7 11. f3 Qc7 12. g3 0-0-0 13. Rb1 Rh3 14. f4 Rdh8 15. Rf2 Qa5 16. e5 Ne8 17. Ne4 Nb6 18. Bb3 Nd5 19. Ng5 Bxg5 20. fxg5 Nec7 21. Bc4 Qb4 22. Bf1 R3h7 23. h4 a5 24. Rxf7 Nc3 25. bxc3 Qxb1 26. Bd3 Qa1 27. Bxg6 Qxc3 28. Rf3 Qb4 29. Bxh7 Rxh7 30. Rf7 Qc3 31. Kg2 Ne8 32. Re7 Rh8 33. Rxe6 Qc4 34. Re7 Qd5+ 35. Kg1 c5 36. Qg4+ Kd8 37. Re6 Rf8 38. Bd2 cxd4 39. g6 d3 40. Bg5+ Kc7 41. Re7+ Kb8 42. Rd7 Qc5+ 43. Qd4 Qxd4+ 44. Rxd4 Nc7 45. Rxd3 Re8 46. Bf4 Kc8 47. Kg2 Rd8 48. Rxd8+ Kxd8 49. Kf3 Ne6 50. Bd2 b6 51. Ke4 Ke7 52. h5 1-0

[Event "Nebug op"]
[Site "Nebug"]
[Date "2016.03.22"]
[Round "2.4"]
[White "Demchenko, Alisa"]
[Black "Gelman, Inna"]
[Result "1-0"]
[WhiteElo "1822"]
[BlackElo "1608"]
[PlyCount "83"]
[EventDate "2016.03.22"]
[EventType "tourn"]
[EventRounds "9"]
[EventCountry "RUS"]
[SourceTitle "EXT 2022"]
[Source "ChessBase"]
[SourceDate "2021.10.06"]
[SourceVersion "1"]
[SourceVersionDate "2021.10.06"]
[SourceQuality "1"]

1. d4 d5 2. c4 c6 3. Nf3 Nf6 4. g3 Bf5 5. Nc3 e6 6. Nh4 Bg4 7. h3 Bh5 8. g4 Bg6 9. Qb3 Qb6 10. Nxg6 Qxb3 11. axb3 hxg6 12. Bg2 Na6 13. c5 Be7 14. Bf4 Nd7 15. e4 Nb4 16. Kd2 Nf6 17. Ra4 Na6 18. e5 Nd7 19. Rha1 f5 20. Bg3 0-0-0 21. Bf1 Nc7 22. Rxa7 Rdf8 23. b4 fxg4 24. hxg4 Bh4 25. Be2 Bxg3 26. fxg3 Rh2 27. Re1 Rg2 28. Raa1 Rxg3 29. Rf1 Rxf1 30. Rxf1 Ne8 31. b5 Rh3 32. Rf7 Kd8 33. b4 cxb5 34. Bxb5 Nb8 35. Rxb7 Kc8 36. Rxb8+ Kxb8 37. Bxe8 Rh4 38. Bd7 Rxg4 39. Ne2 Rh4 40. Bxe6 Kc7 41. b5 Rh1 42. Nf4 1-0

[Event "YFO-ch (Women)"]
[Site "Nebug"]
[Date "2016.03.06"]
[Round "2"]
[White "Gelman, Inna"]
[Black "Melenchuk, Olga"]
[Result "1-0"]
[WhiteElo "1668"]
[BlackElo "1330"]
[PlyCount "85"]
[EventDate "2016.03.05"]
[EventType "swiss"]
[EventRounds "9"]
[EventCountry "RUS"]
[SourceTitle "CBM 171 Extra"]
[Source "ChessBase"]
[SourceDate "2016.04.26"]
[SourceVersion "1"]
[SourceVersionDate "2016.04.26"]
[SourceQuality "1"]

1. d4 d5 2. c4 e6 3. Nf3 c6 4. e3 Nf6 5. Nc3 Nbd7 6. Qc2 Bd6 7. Bd3 dxc4 8. Bxc4 b5 9. Bd3 Bb7 10. 0-0 0-0 11. Rd1 a5 12. e4 e5 13. d5 b4 14. dxc6 Bxc6 15. Nb5 Bxb5 16. Bxb5 Qb6 17. Bxd7 Nxd7 18. Be3 Qa6 19. Qd3 Qxd3 20. Rxd3 Ra6 21. Rad1 Nf6 22. Rxd6 Rxd6 23. Rxd6 Nxe4 24. Rd5 f6 25. Nd2 Nxd2 26. Bxd2 Rc8 27. Be3 Rc2 28. Rxa5 Rxb2 29. Kf1 Rb1+ 30. Ke2 Ra1 31. Bc5 b3 32. Ra8+ Kf7 33. Rf8+ Ke6 34. axb3 Ra2+ 35. Kd3 Kd5 36. Be3 e4+ 37. Kc3 Ke6 38. Rb8 g6 39. Re8+ Kd5 40. Rh8 h5 41. Rh6 Ra6 42. Rxg6 Rc6+ 43. Kb2 1-0